Fiscal descentralization and voters choice as control (Registro nro. 30369)

Detalles MARC
000 -LEADER
fixed length control field 00375 a2200121 4500
001 - CONTROL NUMBER
control field ART_28086
005 - DATE AND TIME OF LATEST TRANSACTION
control field 20260410161951.0
008 - FIXED-LENGTH DATA ELEMENTS--GENERAL INFORMATION
fixed length control field 260409a
100 1# - MAIN ENTRY--PERSONAL NAME
Personal name Porto, Alberto
245 10 - TITLE STATEMENT
Title Fiscal descentralization and voters choice as control
700 1# - ADDED ENTRY--PERSONAL NAME
Personal name Porto, Natalia
773 0# - HOST ITEM ENTRY
Title Journal of applied economics
Related parts - Vol. 3, Nº 1 (mayo 2000)
Record control number REV28044

No hay ítems disponibles.